000 00551nam a22002052 4500
999 _c4111
_d4111
001 0000020422
003 OSt
005 20180516123239.0
008 110916s xx 000 0 eng d
020 _a0618376629 :
040 _aKABU
_cKABU
100 1 _aMillard, Julie T.
245 1 0 _aAdventures in chemistry /
_cJulie T. Millard.
260 _aBoston :
_bHoughton Mifflin,
_c2008.
300 _a1 v. (various pagings) ;
650 0 _aChemistry.
908 _a110916
942 _2lcc
_cBK